How to be postitive you will go in the rapture. (Record no. 12577)

000 -LEADER
fixed length control field 00570nam a2200181 a 4500
001 - CONTROL NUMBER
control field :::00010384$&:&@@
003 - CONTROL NUMBER IDENTIFIER
control field OkBaRHE
005 - DATE AND TIME OF LATEST TRANSACTION
control field 20000607103358.0
008 - FIXED-LENGTH DATA ELEMENTS--GENERAL INFORMATION
fixed length control field s1958 j 000 0 eng u
040 ## - CATALOGING SOURCE
Transcribing agency
100 1# - MAIN ENTRY--PERSONAL NAME
Personal name Daoud, M. A.
245 10 - TITLE STATEMENT
Title How to be postitive you will go in the rapture.
260 ## - PUBLICATION, DISTRIBUTION, ETC. (IMPRINT)
Place of publication, distribution, etc Dallas, TX., :
Name of publisher, distributor, etc Voice of Miracles and Missions, Inc.
Date of publication, distribution, etc c1958
300 ## - PHYSICAL DESCRIPTION
Extent 24 p. ;
Dimensions 18 cm.
650 ## - SUBJECT ADDED ENTRY--TOPICAL TERM
Topical term or geographic name as entry element Spiritual Life
942 ## - ADDED ENTRY ELEMENTS (KOHA)
Source of classification or shelving scheme
Koha item type Books
Copies
Source of classification or shelving scheme Date last seen Shelving location Price effective from Damaged status Date acquired Copy number Full call number Barcode Permanent Location Koha item type Withdrawn status Lost status Not for loan
 2010-04-14General Stacks2010-04-14 2010-04-141BV 4501 .D28H610384RHEMA Bible Training CollegeBooks